Fr. Conceicao Rodrigues College of Engineering

Distributed and cloud computing:From Parallel processing to the internet of things (Record no. 26079)

MARC details
000 -LEADER
fixed length control field 00423nam a2200169Ia 4500
082 ## - DEWEY DECIMAL CLASSIFICATION NUMBER
Classification number 4.65
Item number HWA
100 ## - MAIN ENTRY--PERSONAL NAME
Personal name Hwang/Kai/ Fox/Geoffrey C
245 ## - TITLE STATEMENT
Title Distributed and cloud computing:From Parallel processing to the internet of things
260 ## - PUBLICATION, DISTRIBUTION, ETC.
Name of publisher, distributor, etc. MK publishers
Date of publication, distribution, etc. 2012
366 ## - TRADE AVAILABILITY INFORMATION
Publishers's discount category 25
300 ## - PHYSICAL DESCRIPTION
Extent 648
546 ## - LANGUAGE NOTE
Language note ENGLISH
650 ## - SUBJECT ADDED ENTRY--TOPICAL TERM
Topical term or geographic name entry element Cloud computing
654 ## - SUBJECT ADDED ENTRY--FACETED TOPICAL TERMS
Focus term cloud computing
942 ## - ADDED ENTRY ELEMENTS (KOHA)
Koha item type BOOK
Holdings
Withdrawn status Lost status Damaged status Not for loan Collection Home library Current library Date acquired Source of acquisition Cost, normal purchase price Inventory number Total Checkouts Full call number Barcode Date last seen Cost, replacement price Price effective from Koha item type
        CRC Fr. Agnel's C.Rodrigues College of Engineering Fr. Agnel's C.Rodrigues College of Engineering 17/03/2023 Allied Publishers 457.50 340 dt 30.06.2017   4.65 HWA 24746 17/03/2023 610.00   BOOK